000 01166cam a2200313 a 4500
001 34981
005 20230410102116.0
008 840430s1983 dr ac b 000 0bspa
035 _9(DLC) 84156052
035 _a4739752
010 _a 84156052
040 _aDLC
_cDLC
_dDLC
041 0 _aspaeng
050 1 4 _a118 ND 315
_bM647f 1983
082 0 0 _a759.97293
100 1 _aMiller, Jeannette,
_d1944-
245 1 0 _aFernando Peña Defilló, desde el origen hacia la libertad /
_cJeannette Miller ; [traducción al inglés, Lisette Vega de Purcell ; fotografía de portada y fotos a color, Polibio Díaz].
260 _aSanto Domingo, República Dominicana :
_bGalería de Arte Moderno,
_c[1983]
300 _a162 p. :
_bill. (some col.), ports. ;
_c26 cm.
500 _aEnglish and Spanish.
500 _a"Diciembre, 1983"--T.p. verso.
504 _aIncludes bibliographies.
600 1 0 _aPeña Defilló, Fernando,
_d1928-
600 1 4 _aPeña Defilló, Fernando, 1928-
650 4 _aPintores dominicanos.
700 1 _aPeña Defilló, Fernando,
_d1928-
710 2 _aGalería de Arte Moderno (Santo Domingo, Dominican Republic)
942 _2lcc
_cbk
999 _c19206
_d19206